[Event "ICS rated blitz match"]
[Site "204.178.125.65"]
[Date "1999.11.09"]
[Round "?"]
[White "Hossa"]
[Black "Bongo"]
[Result "1/2-1/2"]
[WhiteElo "2407"]
[BlackElo "2218"]
[Annotator "Hiarcs 7.32 (22s)"]
[PlyCount "61"]
[EventDate "1999.??.??"]

1. e4 1... c5 {Opening = B96 - 7.f4 ---} 2. Nf3 d6 3. d4 cxd4 4. Nxd4 Nf6 5.
Nc3 a6 6. Bg5 e6 7. f4 b5 8. e5 dxe5 9. fxe5 Qc7 10. Qe2 Nfd7 11. O-O-O Bb7 12.
Re1 $146 (12. Rg1 Qxe5 13. Qxe5 Nxe5 14. Ndxb5 f6 15. Nc7+ Kf7 16. Be3 Be7 17.
Be2 Rc8 18. Nxa8 Bxa8 19. g3 g5 20. Rgf1 g4 21. Bf4 Nf3 22. Bxb8 Rxb8 23. Bxf3
gxf3 24. Rde1 f5 25. Nd1 Bf6 26. c3 Be4 27. Ne3 Bg5 28. Rf2 Rd8 29. Rd2 Bd3 30.
b3 Be2 31. Rxd8 Bxe3+ 32. Kc2 f2 33. Rdd1 Bf3 34. Rf1 Be4+ 35. Kb2 e5 36. c4
Bg2 37. b4 Bxf1 38. Rxf1 Bd4+ 39. Kc2 e4 40. Kd2 Ke6 41. Ke2 Ke5 42. b5 axb5
43. cxb5 e3 44. a4 Bb6 45. Rb1 Kd4 46. a5 46... Bxa5 {
Moor,F-Honsch,P/Budapest Schneider op 1995/EXP 46/1-0 (57)}) (12. Bf4 Nc6 13.
Nxc6 Bxc6 14. Qe3 g5 15. Bxg5 Bg7 16. Bf4 Bxe5 17. Bxe5 Qxe5 18. Qf2 b4 19. Ne2
Bd5 20. Kb1 Nc5 21. Qf4 Qxf4 22. Nxf4 Bc6 23. Bc4 Ke7 24. Rhe1 Rhd8 25. Bd5
Rac8 26. Bxc6 26... Rxd1+ {Schmidt,H-Hoppe,S/OLO-B 1993/GER 03/1/2-1/2 (54)})
12... Bb4 13. Bd2 13... Nc6 {Der Isolani e5 wird belagert} 14. Nxc6 Qxc6 15.
Qg4 Bxc3 16. Bxc3 O-O 17. Re3 Rac8 18. Rg3 {Droht Matt} 18... g6 19. Qh4 Nxe5
20. Rh3 {Es droht Matt} 20... h5 21. Qf6 b4 22. Qxe5 $17 (22. Rxh5 $1 $142 {
sieht noch spielbar aus} 22... gxh5 23. Qxe5 $11) 22... bxc3 23. Qxc3 23...
Qxc3 {Mit der Mattdrohung Qxc2} 24. Rxc3 Rxc3 25. bxc3 e5 26. Kd2 $19 (26. h4
Rc8 27. Rh3 27... a5 $17) 26... Rd8+ 27. Kc1 Rc8 28. Kd2 Rd8+ 29. Kc1 Rc8 30.
Kd2 30... Rd8+ $11 (30... Kg7 $17 $142) 31. Kc1 1/2-1/2

[Event "ICS rated blitz match"]
[Site "204.178.125.65"]
[Date "1999.11.09"]
[Round "?"]
[White "Hossa"]
[Black "Bongo"]
[Result "0-1"]
[WhiteElo "2392"]
[BlackElo "2233"]
[PlyCount "131"]
[EventDate "1999.??.??"]

1. e4 c5 2. Nf3 d6 3. d4 cxd4 4. Nxd4 Nf6 5. Nc3 a6 6. Bg5 e6 7. f4 b5 8. e5
dxe5 9. fxe5 Qc7 10. Qe2 Nfd7 11. O-O-O Bb7 12. Re1 Bb4 13. Bd2 Nc6 14. Nxc6
Qxc6 15. Qg4 Bxc3 16. Bxc3 O-O 17. Re3 Rac8 18. Rg3 g6 19. Rh3 Nxe5 20. Qh4 h5
21. Qf6 b4 22. Qxe5 bxc3 23. Qxc3 Qxc3 24. Rxc3 Rxc3 25. bxc3 e5 26. Kd2 Rd8+
27. Kc1 Rc8 28. c4 Kf8 29. h4 Ke7 30. Rh3 Kd7 31. Rb3 Kc7 32. c5 Rd8 33. Bc4
Rd7 34. Rb6 Bxg2 35. Rxa6 f5 36. Rxg6 Bf3 37. Rf6 Bg4 38. Kb2 e4 39. Be6 e3 40.
Bxd7 e2 41. Re6 Kxd7 42. Re5 f4 43. c6+ Kxc6 44. Rxe2 Bxe2 45. Kc3 f3 46. Kd2
Kb5 47. Ke3 Kb4 48. Kd2 Ka3 49. Ke3 Kxa2 50. c4 Bxc4 51. Kxf3 Kb3 52. Kf4 Be2
53. Ke3 Bg4 54. Kd4 Kc2 55. Kc4 Kd2 56. Kd4 Ke2 57. Ke4 Kf2 58. Kf4 Kg2 59. Ke3
Kh3 60. Ke4 Kxh4 61. Kf4 Kh3 62. Kg5 Kg3 63. Kh6 h4 64. Kg5 h3 65. Kf6 h2 66.
Ke5 {Hossa resigns} 0-1

[Event "ICS rated blitz match"]
[Site "204.178.125.65"]
[Date "1999.11.09"]
[Round "?"]
[White "Hossa"]
[Black "PostModernist"]
[Result "0-1"]
[WhiteElo "2381"]
[BlackElo "2618"]
[PlyCount "104"]
[EventDate "1999.??.??"]

1. e4 c5 2. Nf3 e6 3. d4 cxd4 4. Nxd4 Nf6 5. Nc3 d6 6. g4 Be7 7. Bb5+ Bd7 8.
O-O O-O 9. Be2 Qb6 10. g5 Ne8 11. Bg4 Nc6 12. Nf3 Nc7 13. Rb1 Nb5 14. Na4 Qd8
15. c4 Nc7 16. Nc3 e5 17. Bxd7 Qxd7 18. Kh1 Rac8 19. Rg1 a6 20. Rg3 Qe6 21. Nd5
Qg6 22. Qd3 Nxd5 23. Qxd5 Rfe8 24. Bd2 b6 25. Bc3 Nd8 26. Bb4 a5 27. Ba3 Ne6
28. Nh4 Qh5 29. Nf5 Rcd8 30. Qb7 Qe2 31. Rbg1 Kf8 32. f3 Nc5 33. Bxc5 dxc5 34.
Rh3 Rd2 35. Nxe7 Rxe7 36. Qxb6 Rxb2 37. Qxa5 Qf2 38. Qd8+ Re8 39. Qd6+ Kg8 40.
Qd7 Reb8 41. Qf5 g6 42. Qxe5 Rb1 43. Qxb8+ Rxb8 44. a4 Rb4 45. a5 Rxc4 46. Rb1
Ra4 47. a6 Rxa6 48. Rb8+ Kg7 49. Rb1 Ra2 50. Rg1 Kg8 51. e5 Qe2 52. e6 52...
fxe6 {Hossa resigns} 0-1

[Event "ICS Rated blitz match"]
[Site "204.178.125.65"]
[Date "1999.11.09"]
[Round "?"]
[White "Hossa"]
[Black "Data"]
[Result "0-1"]
[WhiteElo "2374"]
[BlackElo "2741"]
[Annotator "Hiarcs 7.32 (22s)"]
[PlyCount "96"]
[EventDate "1999.??.??"]

1. e4 1... e5 {Opening = C45 - 3.d4 ed4 4.Nd4} 2. Nf3 Nc6 3. d4 exd4 4. Nxd4
Bc5 5. Nb3 Bb6 6. Bd3 (6. Be2 Qf6 7. O-O Nge7 8. Nc3 O-O 9. Kh1 d6 10. f4 Be6
11. Na4 Bxb3 12. axb3 Qd4 13. Nc3 Qxd1 14. Bxd1 a6 15. Bd2 Rfe8 16. Nd5 Nxd5
17. exd5 Ne7 18. Bf3 Nf5 19. Rae1 Bd4 20. c3 20... Be3 {
Hargens,T-Ehrke,M/BL2-N 1995/BL2/1/2-1/2 (37)}) 6... d6 7. Nc3 $146 (7. O-O Qh4
8. Nc3 Nf6 9. Qd2 O-O 10. Qg5 Qxg5 11. Bxg5 Nb4 12. Bxf6 gxf6 13. Nd5 Nxd3 14.
cxd3 Kg7 15. Nxb6 axb6 16. Nd4 Bd7 17. Rfe1 Rfe8 18. Re3 c5 19. Rg3+ Kh8 20.
Nc2 f5 21. exf5 21... Bxf5 {
Cepon,D-Srebrnic,V/SLO-ch 1992/TD 92\10/1/2-1/2 (35)}) 7... Qh4 8. g3 Qh3 9.
Bf1 Qe6 10. Bg2 Nf6 11. O-O O-O 12. Bg5 h6 13. Bc1 13... Re8 {
Der Druck auf e4 waechst} 14. Re1 (14. Bf4 14... Bd7 $15) 14... a5 (14... Ng4
15. Re2 $15) 15. a4 Bd7 16. Bf4 (16. Be3 Bxe3 17. Rxe3 17... Ng4 $11) 16... Ng4
17. Rf1 Nb4 18. Nb5 Ne5 19. N3d4 Qf6 20. c3 {Kontrolliert d4} 20... Nbd3 21.
Bxe5 Nxe5 22. Na3 Bg4 23. f3 Be6 24. Kh1 Bd7 25. f4 Nc6 26. Nab5 Re7 27. Qd3
Rae8 28. Qc4 Nxd4 29. Nxd4 Qg6 30. Rae1 Bg4 31. e5 $15 {Raumgewinn} (31. Qb5 $5
{muss beachtet werden} 31... Qh5 32. Qxh5 Bxh5 33. Nf5 $11) 31... Qh5 (31... c6
32. e6 d5 33. Qb3 $15) 32. Qd5 (32. Qb5 dxe5 33. fxe5 33... Bd7 $15) 32... c6
$11 {Ueberdeckt b5} (32... dxe5 33. Rxe5 Rxe5 34. fxe5 $11) 33. Qxd6 Rd7 34.
Qa3 Bxd4 35. cxd4 Rxd4 36. Qc3 Rxa4 37. Bxc6 $4 $19 (37. Ra1 $142 {
ist gerade noch spielbar} 37... Be2 38. Rg1 $15) 37... bxc6 38. Qxc6 Rb8 39.
Qxa4 (39. Rf2 {der letzte Widerstandsversuch} 39... Rab4 40. Qc2 $19) 39...
Rxb2 $1 {zwingend und schoen. Es droht Matt} 40. Qe8+ Kh7 41. Rf2 {
Weiss muss Material zurueckgeben} 41... Rxf2 42. h4 (42. Qh8+ {
hilft allerdings auch nicht} 42... Kxh8 43. h4 Bf3+ 44. Kg1 Bd5 45. Rc1 Rg2+
46. Kh1 Rxg3+ 47. Kh2 Qxh4#) 42... Bf3+ 43. Kg1 Rg2+ 44. Kf1 Be4 45. Qg8+ Kxg8
46. Rxe4 Qf3+ 47. Ke1 Qxe4+ 48. Kd1 Qb1# 0-1

[Event "ICS rated blitz match"]
[Site "204.178.125.65"]
[Date "1999.11.09"]
[Round "?"]
[White "Frankly2"]
[Black "Hossa"]
[Result "1-0"]
[WhiteElo "2544"]
[BlackElo "2377"]
[Annotator "Hiarcs 7.32 (22s)"]
[PlyCount "133"]
[EventDate "1999.??.??"]

1. e4 1... e5 {Opening = C22 - 2.d4 ed4 3.Qd4 Nc6} 2. d4 exd4 3. Qxd4 Nc6 4.
Qc4 $146 (4. Qa4 Bc5 5. Nf3 d6 6. Bg5 Nf6 7. Nc3 h6 8. Bh4 g5 9. Bg3 Bd7 10.
Qc4 Qe7 11. O-O-O O-O-O 12. Nd5 Qe6 13. Nxf6 Qxf6 14. e5 Qe6 15. exd6 cxd6 16.
h4 g4 17. Nd2 Qe7 18. Ne4 Be6 19. Qa4 Bd4 20. Rxd4 Nxd4 21. Qxd4 {
1-0 Ooi,C-Papazov,I/WchJM-U14 Duisburg 1992/TD 92\06 (21)}) (4. Qd3 Nf6 (4...
b6 5. Bd2 Bc5 6. Qg3 Nf6 7. Nc3 O-O 8. Bg5 Bd4 9. Bd3 Bxc3+ 10. bxc3 d5 11.
O-O-O Qe7 12. exd5 Qa3+ 13. Kb1 Nxd5 14. Ne2 Be6 15. c4 Qb4+ 16. Ka1 Nde7 17.
Bf6 Ng6 18. Bc3 Qa4 19. Nf4 {
Marosi,C-Goller,A/Kecskemet op 1991/TD 91\05/0-1 (41)}) 5. Nc3 Bc5 6. f3 6...
h6 {1/2-1/2 Skripchenko,A-Xu Yuhua/Medellin 1996 (6)}) 4... Nf6 5. Nf3 d5 6.
exd5 Nxd5 7. Be2 Bb4+ 8. c3 Be7 9. O-O O-O 10. Rd1 Be6 11. Qb3 Na5 12. Qc2 Qd6
13. Nbd2 Nf4 14. Ne4 Nxe2+ 15. Qxe2 Bc4 16. Qc2 Qg6 17. Ne5 Qe6 18. Nxc4 Nxc4
19. b3 Nb6 20. Be3 Rfe8 21. Re1 Qg4 22. Rad1 Rad8 23. Rxd8 Rxd8 24. Nc5 Bxc5
25. Bxc5 f6 26. Bd4 Nd5 27. h3 Qc8 28. Qd3 c5 29. Be3 Nxe3 30. Qxe3 Rd5 31. Qf4
Qd8 32. Qa4 Rd1 33. Rxd1 Qxd1+ 34. Kh2 Qd6+ 35. g3 a6 36. Qe8+ Qf8 37. Qd7 b5
38. Qe6+ Kh8 39. Qxa6 b4 40. a4 bxa3 41. Qxa3 h5 42. b4 cxb4 43. cxb4 h4 44.
gxh4 Qd6+ 45. Kg2 Qd4 46. Qa8+ Kh7 47. b5 Qxh4 48. Qd5 Qb4 49. Qh5+ Kg8 50.
Qe8+ Kh7 51. Qc6 Qa4 52. f3 Kh6 53. Qc5 Qf4 54. b6 g6 55. Qc3 Kh5 56. h4 Kxh4
57. Qe1+ Kh5 58. b7 Kh6 59. Qb1 $1 {glaenzend gespielt} 59... Qg5+ 60. Kf1 $1 {
die Entscheidung} 60... Qf4 61. b8=Q {Mit der Mattdrohung Qxf4} 61... Qxf3+ 62.
Kg1 {Droht Matt} 62... Qe3+ 63. Kg2 {Droht Matt: Qh1} 63... Qe2+ 64. Kg3 {
Mit der Mattdrohung Qh8} 64... Qe3+ 65. Kh4 Qg5+ 66. Kh3 Qh5+ 67. Kg3 {
Droht Matt: Qf8} (67. Kg3 Qg5+ 68. Kf3 Qh5+ 69. Ke4 Qf5+ 70. Kd4 Qd7+ 71. Ke3
Qh3+ 72. Kf2 Qh4+ 73. Qg3 Qd4+ 74. Ke1 Qe5+ 75. Qxe5 f5 76. Qc1+ Kh7 77. Qcc7+
Kh6 78. Qh8+ Kg5 79. Qg3#) 1-0

[Event "ICS rated blitz match"]
[Site "204.178.125.65"]
[Date "1999.11.09"]
[Round "?"]
[White "Hossa"]
[Black "ljb"]
[Result "1-0"]
[WhiteElo "2368"]
[BlackElo "2166"]
[Annotator "Hiarcs 7.32 (22s)"]
[PlyCount "68"]
[EventDate "1999.??.??"]

1. e4 1... e6 {Opening = C16 - 4.e5 ---} 2. d4 d5 3. Nc3 Bb4 4. e5 b6 5. a3 Bf8
6. Nf3 Ne7 7. Bd3 (7. h4 h5 8. Bg5 Ba6 9. Bxa6 Nxa6 10. O-O Qd7 11. Qd3 Nb8 12.
Ne2 Nbc6 13. c4 dxc4 14. Qxc4 Nd5 15. Rac1 Nce7 16. Bxe7 Bxe7 17. Nc3 O-O-O 18.
Nxd5 exd5 19. Qa6+ Kb8 20. e6 Qc8 21. Qxc8+ 21... Kxc8 {
Sokolov,A-Portisch,L/Moscow GMA-qual f 1990/TD 90\03/1/2-1/2 (34)}) (7. Bg5 Qd7
8. Bb5 c6 9. Ba4 Ba6 10. Ne2 Bb5 11. Bb3 c5 12. c3 Nbc6 13. O-O h6 14. Be3 Nf5
15. Bc2 Nxe3 16. fxe3 Be7 17. Rf2 a5 18. a4 Ba6 19. Nf4 O-O-O 20. Nh5 Rhg8 21.
Ne1 Rdf8 22. Nd3 f6 23. exf6 gxf6 24. b4 cxb4 25. cxb4 Bxd3 26. Bxd3 Nxb4 27.
Nf4 Kb8 28. Bb5 Qd6 29. Rb2 f5 30. Rxb4 Qxb4 31. Bd7 Qc3 32. Nd3 Bg5 33. Ne5
Bxe3+ 34. Kh1 Rc8 35. Bxe6 Bxd4 36. Nd7+ Ka7 37. Rb1 Rge8 38. Bxf5 Bf2 39. Nxb6
39... Bxb6 {0-1 Berzinsh,R-Odessky,I/URS-chJ Alma-Ata 1991/TD 91\03 (39)}) 7...
Ng6 $146 (7... Nbc6 8. O-O Bb7 9. Bd2 Qd7 10. b4 Ng6 11. Re1 O-O-O 12. Qe2 Be7
13. Na2 f5 14. a4 Nh4 15. Nxh4 Bxh4 16. c3 Rdf8 17. Reb1 Bd8 18. a5 f4 19. f3
g5 20. Nc1 h5 21. Nb3 Kb8 22. Ba6 Ba8 23. Nc5 Qe7 24. Nd3 {
1/2-1/2 Nedeljkovic,S-Petrosian,T/EU-chT Wien\Baden 1957/EU-chT (24)}) 8. O-O
c5 9. Bg5 Be7 10. Bxe7 Qxe7 11. Nb5 O-O 12. c3 c4 13. Bb1 Nc6 14. Nd6 Nd8 15.
Qd2 Nb7 16. Nxb7 Bxb7 17. Qe3 b5 18. Ng5 h6 19. Nf3 Nh4 20. Nd2 Qg5 21. Qxg5
hxg5 22. h3 f5 23. g3 Ng6 24. Nf3 Kf7 25. Nxg5+ Ke7 26. Kh2 a5 27. g4 Nf4 28.
gxf5 exf5 29. Kg3 Ne6 30. Nxe6 Kxe6 31. Kf4 31... Rh8 $2 (31... g6 $18 $142)
32. Bxf5+ Ke7 (32... Kf7 33. Bg4 $18) 33. Rg1 Rhg8 (33... Rh4+ {
aendert nichts mehr} 34. Rg4 Rah8 35. Rxh4 Rxh4+ 36. Kg5 $18) 34. Rg2 (34. Rg6
{ginge schneller} 34... Bc8 35. e6 35... Rb8 $18) 34... Raf8 (34... Bc8 {
koennte noch eine geringe Chance darstellen} 35. e6 35... Kd6 $18) 1-0

[Event "ICS rated blitz match"]
[Site "204.178.125.65"]
[Date "1999.11.09"]
[Round "?"]
[White "Hossa"]
[Black "ljb"]
[Result "1-0"]
[WhiteElo "2383"]
[BlackElo "2151"]
[PlyCount "91"]
[EventDate "1999.??.??"]

1. e4 e6 2. d4 d5 3. Nc3 Bb4 4. e5 b6 5. a3 Bf8 6. Nf3 c5 7. Be3 Ba6 8. Bxa6
Nxa6 9. O-O Nc7 10. Qd3 c4 11. Qe2 Ne7 12. b3 b5 13. bxc4 bxc4 14. Nd2 Ng6 15.
Rfb1 Be7 16. Qh5 O-O 17. Nf3 Rb8 18. Rxb8 Qxb8 19. Rb1 Qc8 20. a4 a5 21. Bg5 h6
22. Bxh6 gxh6 23. Qxh6 Ne8 24. Ng5 Bxg5 25. Qxg5 Ng7 26. Qg4 Qd7 27. Nb5 Rb8
28. h4 Qe7 29. g3 Nf8 30. c3 Kh7 31. f3 Nd7 32. f4 f5 33. exf6 Nxf6 34. Qh3 Ne4
35. g4 Qf6 36. Rf1 Rf8 37. Rf3 Ne8 38. f5 exf5 39. Rxf5 Qg7 40. Rh5+ Kg8 41.
Re5 N8f6 42. g5 Nh5 43. Qe6+ Qf7 44. Qxf7+ Rxf7 45. g6 Rg7 46. Re8# {
ljb checkmated} 1-0

[Event "ICS rated blitz match"]
[Site "204.178.125.65"]
[Date "1999.11.09"]
[Round "?"]
[White "PostModernist"]
[Black "Hossa"]
[Result "1-0"]
[WhiteElo "2616"]
[BlackElo "2390"]
[Annotator "Hiarcs 7.32 (22s)"]
[PlyCount "76"]
[EventDate "1999.??.??"]

1. d4 1... Nf6 {Opening = A50 - 2.c4 b6} 2. c4 Nc6 3. Nf3 e6 4. Nc3 d5 5. Bg5
Bb4 6. Qc2 (6. e3 h6 7. Bxf6 (7. Bh4 Be7 8. Bd3 a6 9. O-O g5 10. Bg3 Rg8 11.
Ne5 h5 12. f4 Nxe5 13. fxe5 h4 14. exf6 hxg3 15. fxe7 gxh2+ 16. Kh1 Qxe7 17.
cxd5 g4 18. dxe6 Bxe6 19. d5 Bd7 20. d6 {1-0 David,R-Kara,S/Berlin 1996 (20)})
7... Qxf6 8. cxd5 exd5 9. Rc1 O-O 10. a3 Bxc3+ 11. Rxc3 Ne7 12. Be2 c6 13. O-O
Ng6 14. b4 Bd7 15. Qb3 a6 16. a4 Bg4 17. Qc2 Rfe8 18. Rb1 Re7 19. b5 axb5 20.
axb5 20... cxb5 {
Vera,R-Ye Rongguang/Thessaloniki olm 1988/TD 88\06/1/2-1/2 (39)}) 6... dxc4
$146 (6... O-O 7. e3 g6 8. Bd3 dxc4 9. Bxc4 Kg7 10. O-O Qd7 11. Bxf6+ Kxf6 12.
Ne4+ Kg7 13. a3 Be7 14. Qc3 Kg8 15. Rad1 b6 16. d5 Na5 17. dxe6 Qe8 18. exf7+
Rxf7 19. Bxf7+ Kxf7 20. Neg5+ Kg8 21. Qd3 Bb7 22. Qd4 Bc5 23. Qh4 Kf8 24. Qh6+
Ke7 25. Qxh7+ Kf6 26. Rd7 Kf5 27. Rf7+ {
1-0 Doetsch,D-Kohn,C/RL-chW Trier 1991/GER 05 (27)}) 7. e3 {
Weiss erhaelt starke Initiative} 7... b5 $14 (7... Qd5 $1 $11 {
steht zur Diskussion}) 8. a4 bxa4 9. Bxc4 Bb7 10. O-O 10... h6 $2 $18 (10...
O-O $16 $142) 11. Bxf6 gxf6 12. d5 exd5 13. Nxd5 13... Bc5 $4 {
ein Ende mit Schrecken} (13... Qd6 $18) 14. Rfd1 a3 15. b4 $1 {
ganz unerschrocken} 15... Nxb4 16. Bb5+ c6 17. Qxc5 Nxd5 18. Bxc6+ Bxc6 19.
Qxc6+ Kf8 20. Rxd5 Qb6 (20... Qb8 {holt die Kuh nicht vom Eis} 21. Qxf6 Qb2 22.
Qd4 $18) 21. Qa4 (21. Qxa8+ $142 {sichert den Gewinn} 21... Kg7 22. Qxh8+ 22...
Kxh8 $18) 21... Kg7 22. Ra5 Rhd8 23. Qg4+ {Weiss erhaelt Koenigsangriff} 23...
Kh8 (23... Kf8 {waere gleichermassen fruchtlos} 24. R5xa3 Qc5 25. Ra6 $18) 24.
R5xa3 (24. Rh5 $5 $142 {erleichterte Weiss die Gewinnfuehrung} 24... f5 25. Qg5
25... Rd6 $18) 24... Qb2 (24... Rd5 {macht keinen grossen Unterschied} 25. Nd4
Rg5 26. Qf3 $18) 25. Ra4 Rdc8 (25... Rdb8 {nuetzt auch nichts mehr} 26. Qh5
Qb1+ 27. Ne1 $18) 26. Qh5 {Es droht Matt} 26... Rc1+ 27. Ne1 f5 (27... Kg7 {
hilft auch nicht mehr} 28. Rxc1 Qxc1 29. Rg4+ Kf8 30. Qxh6+ Ke7 31. Re4+ Kd7
32. Kf1 $18) 28. Rxc1 28... Qxc1 {Droht Matt: Qxe1} 29. Qxh6+ Kg8 30. Kf1 $1 {
nun ist alles klar} 30... Qc3 31. Qg5+ Kf8 32. Qxf5 $1 {entscheidend} 32... Qc7
(32... a5 $18 {ist noch eine duenne Chance}) 33. Qf6 $1 {
macht alles klar. Es droht Matt} 33... Qxh2 34. Rh4 {Droht Matt} 34... Qxh4 35.
Qxh4 Kg7 36. Qg3+ $1 {ein unangenehmes Schach} 36... Kf8 37. Qd6+ Kg7 38. Qd5
Rh8 1-0

[Event "ICS rated standard match"]
[Site "204.178.125.65"]
[Date "1999.11.09"]
[Round "?"]
[White "Hossa"]
[Black "x13"]
[Result "1-0"]
[WhiteElo "2356"]
[BlackElo "2196"]
[PlyCount "113"]
[EventDate "1999.??.??"]

1. e4 e5 2. d4 exd4 3. Qxd4 Nc6 4. Qc4 Nf6 5. Nf3 d5 6. exd5 Qxd5 7. Nc3 Qxc4
8. Bxc4 Bf5 9. Bf4 Bxc2 10. Rc1 Bg6 11. Bxc7 Be7 12. Nh4 O-O 13. Nxg6 hxg6 14.
O-O Rac8 15. Bf4 Nd4 16. b3 Bb4 17. Nb5 Nxb5 18. Bxb5 a6 19. Be2 Nd5 20. Bg5
Nc3 21. Bg4 f5 22. Bf3 b6 23. Rc2 a5 24. Be3 b5 25. Rfc1 Rfe8 26. Kf1 Kf7 27.
Bd4 Ba3 28. Bxc3 Bxc1 29. Bd5+ Kf8 30. Rxc1 b4 31. Bb2 Rxc1+ 32. Bxc1 Rc8 33.
Bc4 Ke7 34. Be3 Kf8 35. Bb6 Ra8 36. Bd5 Ra6 37. Bc5+ Ke8 38. f4 Rf6 39. Ke2 Ra6
40. Kd3 Rf6 41. Kc4 Ra6 42. Kb5 Rf6 43. Kxa5 g5 44. fxg5 Rg6 45. h4 f4 46. Kb5
Kd7 47. Be4 Re6 48. Bf5 g6 49. Bg4 f3 50. gxf3 Kc7 51. Bxe6 Kb8 52. Bf7 Ka8 53.
Bxg6 Kb8 54. Bf5 Ka8 55. Kb6 Kb8 56. Bd6+ Ka8 57. Be4# {x13 checkmated} 1-0

[Event "ICS rated blitz match"]
[Site "204.178.125.65"]
[Date "1999.11.09"]
[Round "?"]
[White "Hossa"]
[Black "Amateur"]
[Result "0-1"]
[WhiteElo "2398"]
[BlackElo "2451"]
[PlyCount "176"]
[EventDate "1999.??.??"]

1. e4 c5 2. Nf3 e6 3. d4 cxd4 4. Nxd4 Nf6 5. Nc3 d6 6. Be2 Be7 7. O-O O-O 8. f4
8... e5 {letzter Buchzug} 9. Nb3 Qb6+ 10. Rf2 Na6 11. Bd2 Bd7 12. fxe5 ({
-0.38 Hiarcs 7.32:} 12. a4 12... Nc7 13. a5 Qc6 14. Ra4 b5 15. Rb4 15... a6 {
0.07/7}) 12... dxe5 13. Bg5 Be6 14. Bxf6 Bxf6 15. Na4 ({-0.16 Hiarcs 7.32:} 15.
Bxa6 15... Qxa6 16. Nd5 Bxd5 17. exd5 e4 18. c3 {-0.47/7}) 15... Qb4 16. Bxa6
bxa6 17. Nbc5 Rad8 18. Qh5 ({0.35 Hiarcs 7.32:} 18. Qe1 18... Qxe1+ 19. Rxe1
Bxa2 20. b3 Bg5 21. c4 Rd2 22. Ree2 Rfd8 23. Rxd2 23... Bxd2 {0.05/6}) 18...
Rd6 19. Rc1 ({0.02 Hiarcs 7.32:} 19. c3 19... Qb5 20. b3 Qc6 21. c4 g6 22. Qh6
Bg7 23. Qh4 f5 24. Nxe6 24... Rxe6 {0.35/7}) 19... Rc8 20. a3 Qd4 21. Nxe6 Rxe6
22. Nc3 Qb6 23. Nd1 ({-0.27 Hiarcs 7.32:} 23. Nd5 23... Qxb2 24. Rd1 Qxa3 25.
Nxf6+ gxf6 26. Rd3 Qc1+ 27. Rf1 {0.02/6}) 23... Qb7 24. Qf5 Rc4 25. Re2 Qb6+
26. Kh1 Rd6 27. c3 Qb5 28. Re1 Be7 29. Qf3 ({-1.52 Hiarcs 7.32:} 29. g3 29...
g6 30. Qf3 Qc6 31. Qe3 Qd7 32. Qh6 Qb7 33. Qe3 {-0.26/7}) 29... Rf6 30. Qg3
Rxe4 31. Ne3 Bc5 32. Ng4 Rxe1+ 33. Qxe1 Rg6 34. Qe4 Qxb2 35. Rf1 Qxa3 36. Qd5
Re6 37. Qd7 Bf2 38. Nxf2 Qe7 39. Rd1 h6 40. Qxe7 ({0.40 Hiarcs 7.32:} 40. Ne4
40... Qxd7 41. Rxd7 Rc6 42. g4 Rc4 43. Nd6 Rxg4 44. Nxf7 e4 45. Rxa7 {0.79/7})
40... Rxe7 41. Ne4 ({0.86 Hiarcs 7.32:} 41. Rd8+ 41... Kh7 42. Kg1 e4 43. Kf1
a5 44. Ke2 a4 45. c4 45... a3 {0.40/8}) 41... Rc7 42. Rd5 f6 43. Nc5 Kh7 44. g3
Rc6 45. Kg2 Kg6 46. Kf3 h5 47. Ke4 h4 48. g4 Kg5 49. Kf3 Kg6 50. Ne4 Rb6 51.
Rd7 Rb2 52. h3 a5 53. Rxa7 Ra2 54. Nd6 Rh2 55. Nf5 Kh7 56. Rxg7+ Kh8 57. Rc7 a4
58. Rc6 a3 59. Rxf6 Rxh3+ 60. Ke4 Rxc3 61. Kxe5 ({0.93 Hiarcs 7.32:} 61. g5
61... Rc4+ 62. Kd5 Rb4 63. g6 Rb5+ 64. Ke4 Rb4+ 65. Kxe5 Rb5+ 66. Ke4 Rb4+ 67.
Ke3 {2.59/6}) 61... h3 62. Ra6 Kg8 63. Ra8+ Kf7 64. Ra7+ Kg8 65. Kd4 ({
0.00 Hiarcs 7.32:} 65. Nh6+ 65... Kf8 66. Rf7+ Ke8 67. Rf2 Rc6 68. Nf5 Rg6 69.
Kf4 69... Kf7 {1.47/8}) 65... h2 66. Nh6+ ({-1.27 Hiarcs 7.32:} 66. Kxc3 66...
h1=Q 67. Rxa3 Qf3+ 68. Kb2 Qe2+ 69. Kb3 Qd1+ 70. Ka2 70... Qd2+ {0.00/8}) 66...
Kf8 67. Ra8+ Kg7 68. Nf5+ Kf6 69. Ra6+ Kg5 70. Ra5 Kxg4 71. Nh6+ ({
-2.82 Hiarcs 7.32:} 71. Kxc3 71... h1=Q 72. Ne3+ Kf4 73. Nc4 Qc1+ 74. Kb3 Ke4
75. Rxa3 Qd1+ 76. Kc3 Qd4+ 77. Kb3 77... Qd5 {-1.30/9}) 71... Kg3 72. Rg5+ ({
-6.85 Hiarcs 7.32:} 72. Nf5+ 72... Kf2 73. Kxc3 h1=Q 74. Rxa3 Qc1+ 75. Kb3 Qb1+
76. Kc3 Qxf5 77. Ra2+ {-2.82/9}) 72... Kh4 73. Rg6 ({-10.77 Hiarcs 7.32:} 73.
Rg4+ 73... Kh3 74. Kxc3 h1=Q 75. Kb3 Qf3+ 76. Kc2 Qe2+ 77. Kc3 Qb2+ 78. Kc4
78... a2 {-6.85/9}) 73... Rf3 74. Ng8 a2 75. Ra6 Rf4+ 76. Ke3 ({
-24.31 Hiarcs 7.32:} 76. Kc3 76... Kg3 77. Kb2 h1=Q 78. Ra5 {-13.70/9}) 76...
Kg3 77. Ne7 h1=Q 78. Rg6+ Kh3 79. Kxf4 Qc1+ 80. Kf3 a1=Q 81. Rg3+ Kh2 82. Rg2+
Kh1 83. Ke4 Qc4+ 84. Kf5 Qf7+ 85. Ke4 Qe6+ 86. Kd3 Qd1+ 87. Rd2 Qdb3+ 88. Kd4
88... Qbe3# {Hossa checkmated} 0-1

[Event "ICS rated blitz match"]
[Site "204.178.125.65"]
[Date "1999.11.09"]
[Round "?"]
[White "OneBigLoser"]
[Black "Hossa"]
[Result "1/2-1/2"]
[WhiteElo "2380"]
[BlackElo "2384"]
[PlyCount "128"]
[EventDate "1999.??.??"]

1. e4 c5 2. Nf3 e6 3. d4 cxd4 4. Nxd4 Nf6 5. Bd3 d5 6. exd5 exd5 7. Qe2+ Qe7 8.
O-O Qxe2 9. Bxe2 Bc5 10. Nb3 Bb6 11. Bg5 Ne4 12. Bf4 O-O 13. N1d2 Re8 14. Rae1
Nxd2 15. Nxd2 Nc6 16. Bd3 Bg4 17. h3 Be6 18. a3 Rac8 19. Nf3 Ba5 20. c3 Bc7 21.
Be3 Bd7 22. Re2 Ba5 23. Rd1 Rcd8 24. Bc2 Be6 25. Ng5 g6 26. Nxe6 Rxe6 27. Red2
d4 28. Bxd4 Nxd4 29. Rxd4 Rxd4 30. cxd4 Re2 31. b4 Bxb4 32. axb4 Rxc2 33. d5
Kf8 34. d6 Ke8 35. Rd5 Kd7 36. b5 Re2 37. Kf1 Re6 38. Rd4 Rxd6 39. Rh4 h5 40.
Rb4 Rb6 41. Ra4 a6 42. bxa6 Rxa6 43. Rb4 Kc8 44. g4 Ra1+ 45. Kg2 hxg4 46. hxg4
Re1 47. f4 Rc1 48. Kf3 f5 49. gxf5 gxf5 50. Rb5 Rf1+ 51. Ke3 Kc7 52. Rxf5 b5
53. Rxb5 Kd7 54. Re5 Kd8 55. Ke4 Re1+ 56. Kf5 Rxe5+ 57. fxe5 Ke7 58. e6 Ke8 59.
Kf6 Kf8 60. Ke5 Ke7 61. Kd5 Ke8 62. Kd4 Ke7 63. Ke5 Ke8 64. e7 64... Kxe7 {
Game drawn because neither player has mating material} 1/2-1/2

[Event "ICS rated bullet match"]
[Site "204.178.125.65"]
[Date "1999.11.09"]
[Round "?"]
[White "Hossa"]
[Black "MissSilicon"]
[Result "0-1"]
[WhiteElo "2421"]
[BlackElo "2593"]
[PlyCount "144"]
[EventDate "1999.??.??"]

1. d4 Nf6 2. c4 e6 3. g3 Bb4+ 4. Nc3 Nc6 5. a3 Bxc3+ 6. bxc3 O-O 7. Bg5 d5 8.
e3 Na5 9. Bxf6 Qxf6 10. cxd5 exd5 11. Bg2 Qc6 12. Ne2 Bg4 13. O-O Nc4 14. Qd3
Nd6 15. Nf4 Bf5 16. Qd1 Ne4 17. Qh5 g6 18. Qh6 Nxc3 19. Rac1 Kh8 20. Bxd5 Ne2+
21. Nxe2 Qxd5 22. Rxc7 Qf3 23. Nc3 Rac8 24. Re7 Kg8 25. Rc1 Rc4 26. Qf4 Qxf4
27. exf4 Rfc8 28. Re3 Rxd4 29. Rce1 Rc5 30. Re8+ Kg7 31. Nb1 Kf6 32. Ra8 Rb5
33. Nc3 Rb3 34. Re3 Rd3 35. Rxd3 Bxd3 36. Nd5+ Ke6 37. Nb4 Rb1+ 38. Kg2 Bf1+
39. Kf3 Rb3+ 40. Kg4 Rxa3 41. h3 f5+ 42. Kh4 a5 43. Nc2 Ra2 44. Nd4+ Kd5 45.
Nb3 Kc4 46. Nxa5+ Kb5 47. Ra7 h6 48. Nc6 Rxf2 49. Nd4+ Kc4 50. Nxf5 gxf5 51.
Rxb7 Rh2 52. Kh5 Rxh3+ 53. Kg6 Bd3 54. Kh7 Rxg3 55. Kxh6 Rg4 56. Ra7 Kd4 57.
Re7 Rxf4 58. Kg5 Rg4+ 59. Kf6 f4 60. Rf7 f3 61. Ke7 Ke3 62. Kd8 Rf4 63. Re7+
Kd4 64. Rd7+ Kc3 65. Rc7+ Bc4 66. Rc6 f2 67. Kc8 Rf8+ 68. Kb7 f1=Q 69. Rd6 Qb1+
70. Kc7 Qb8+ 71. Kc6 Rc8+ 72. Kd7 72... Qc7# {Hossa checkmated} 0-1